1933 1675 1271 1270 1169 1357 1514 1732 1086 1658 1650 1576 1538 1606 1537 1951 1160 1230 1158 1122 1579 1198 1787 1431 1031 1496 1293 1028 1750 1811 1827 1758 1387 1418 1488 1874 1020 1160 1001 1680 1681 1716 1248 1806 1379 1286 1378 1192 1031 1310 1150 1587 1255 1978 1339 1291 1834 1994 1751 1081 1416 1336 1411 1560 1138 1963 1054 1459 1297 1567 1093 1656 1865 1010 1449 1746 1459 1660 1609 1313 1089 1035 1826 1453 1930 1759 1879 1952 1065 1359 1053 1380 1185 1383 1260 1542 1973 1494 1070 BCNSPRNW ULIB Ver.6.0+V

เปลี่ยนเป็นภาษาไทย

Change to English
 แสดงรายละเอียดบรรณานุกรม
  กลับหน้าหลัก

Brief Record : Get Marc (ISO 2709) : E-mail record : QR code < ปิดหน้าต่าง
LEADER : 00000nam 2200000uu 4500
001    13399128042
003     ULIB
008    220128s2563||||th 000 0 tha d
020    ^a9786165725682
050    ^aนว.^bจ-อ
100    ^aจรสจันทร์
245    ^aโอบฟ้ามาห่มดิน
250    ^aพิมพ์ครั้งที่ 1
260    ^aกรุงเทพฯ :^bกรองอักษร,^c2563
300    ^a432 หน้า;^b21 ซม.
650    ^aนวนิยาย
945    ^p340^l0^i29187
999    ^aกัณชพร จุลอักษร
รายการนี้ยังไม่มีแท็ก
คุณยังไม่ได้ล็อกอิน คุณสามารถมีกิจกรรมร่วมกับเว็บไซต์ได้ แต่ต้องล็อกอินก่อน ::
  ล็อกอิน

รายการสื่อสารสนเทศ

ลำดับที่ ประเภท เลขเรียก/บาร์โค้ด สถานที่ สถานะ
1. วิทยาศาสตร์การแพทย์ และสุขภาพ
วิทยาศาสตร์การแพทย์ และสุขภาพ
นว. จ-อ ฉ.1 
  Barcode: 29187
ห้องสมุดวิทยาเขตนครสวรรค์
►นวนิยาย:l:Fiction
บนชั้น

รายการใกล้เคียง
    ชื่อเรื่อง [โอบฟ้ามาห่มดิน]

    ผู้แต่ง [จรสจันทร์]

    หัวเรื่อง [นวนิยาย]

BibComment


ยังไม่เคยถูกคอมเมนท์

คอมเมนท์ทรัพยากรรายการนี้
  คอมเมนท์: โอบฟ้ามาห่มดิน


 Copyright 2026. Bcnsprnw @Library